[Event "Valpovo op (Women) 20th"]
[Site "Valpovo"]
[Date "2017.12.09"]
[Round "3.2"]
[White "Berke, Ana"]
[Black "Hlavac, Iva"]
[Result "0-1"]
[WhiteElo "2122"]
[BlackElo "1923"]
[PlyCount "128"]
[EventDate "2017.12.08"]
[EventType "swiss (rapid)"]
[EventRounds "7"]
[EventCountry "CRO"]
[SourceTitle "EXT 2023"]
[Source "ChessBase"]
[SourceDate "2022.10.05"]
[SourceVersion "1"]
[SourceVersionDate "2022.10.05"]
[SourceQuality "1"]

1. e4 e5 2. Nf3 Nc6 3. Bb5 a6 4. Ba4 Nf6 5. d3 b5 6. Bb3 Be7 7. 0-0 0-0 8. c3 d6 9. Nbd2 Na5 10. Bc2 c5 11. Re1 Nc6 12. Nf1 b4 13. Ng3 Ne8 14. h3 Be6 15. Be3 Rb8 16. d4 cxd4 17. cxd4 exd4 18. Nxd4 Nxd4 19. Bxd4 Bf6 20. Nf5 Be5 21. Qd2 Rc8 22. Bb3 a5 23. Rad1 Bxb3 24. axb3 Qf6 25. f4 Bxd4+ 26. Nxd4 Nc7 27. Nf5 d5 28. Qd4 Qxd4+ 29. Rxd4 Rce8 30. Nd6 Rd8 31. e5 Ne6 32. Rxd5 Nxf4 33. Rxa5 Nd3 34. Rd1 Nf4 35. Kh2 Ra8 36. Rxa8 Rxa8 37. Rf1 Ng6 38. Nxf7 Re8 39. Kg3 Nxe5 40. Nxe5 Rxe5 41. Rf4 Re3+ 42. Rf3 Re2 43. Rf2 Re3+ 44. Kf4 Rxb3 45. Ke4 Rg3 46. Kd4 b3 47. Kc4 g5 48. Rf3 Rxg2 49. Kxb3 h5 50. Kc3 h4 51. Rd3 Rg3 52. Kc4 Kg7 53. b4 Kg6 54. Rd5 Rxh3 55. b5 Rh1 56. b6 Rc1+ 57. Kd4 Rb1 58. Rd6+ Kh5 59. Ke4 Kg4 60. Rh6 h3 61. Kd5 Kg3 62. Kc6 h2 63. b7 Kg2 64. Kc7 Rxb7+ 0-1

[Event "Valpovo op (Women) 20th"]
[Site "Valpovo"]
[Date "2017.12.09"]
[Round "4.1"]
[White "Hlavac, Iva"]
[Black "Vujnovic, Patricija"]
[Result "0-1"]
[WhiteElo "1923"]
[BlackElo "2084"]
[PlyCount "74"]
[EventDate "2017.12.08"]
[EventType "swiss (rapid)"]
[EventRounds "7"]
[EventCountry "CRO"]
[SourceTitle "EXT 2023"]
[Source "ChessBase"]
[SourceDate "2022.10.05"]
[SourceVersion "1"]
[SourceVersionDate "2022.10.05"]
[SourceQuality "1"]

1. e4 c6 2. d4 d5 3. e5 c5 4. c3 Nc6 5. Bb5 e6 6. Nf3 Qb6 7. Bxc6+ bxc6 8. 0-0 Ba6 9. Re1 cxd4 10. Nxd4 Ne7 11. Nd2 Bb7 12. N2f3 c5 13. Nb3 a5 14. Be3 Nf5 15. Qe2 a4 16. Nc1 Nxe3 17. fxe3 Be7 18. Qf2 0-0 19. Nd3 a3 20. b3 Rad8 21. Nf4 d4 22. c4 Bxf3 23. Qxf3 Bg5 24. exd4 Bxf4 25. Qxf4 Rxd4 26. Qf3 Qa5 27. Rad1 Rd2 28. Rxd2 Qxd2 29. Qe2 Rd8 30. Kf1 Qf4+ 31. Kg1 Rd2 32. Qe3 Qxe3+ 33. Rxe3 g6 34. Kf1 Rxa2 35. Rd3 Rb2 36. Rd8+ Kg7 37. Ra8 a2 0-1

[Event "Zagreb Hulak Memorial op 1st"]
[Site "Zagreb"]
[Date "2016.06.13"]
[Round "5"]
[White "Hlavac, Iva"]
[Black "Bozinovic, Bogdan"]
[Result "0-1"]
[WhiteElo "1901"]
[BlackElo "2231"]
[PlyCount "72"]
[EventDate "2016.06.10"]
[EventType "swiss"]
[EventRounds "9"]
[EventCountry "CRO"]
[SourceTitle "CBM 173 Extra"]
[Source "ChessBase"]
[SourceDate "2016.08.29"]
[SourceVersion "1"]
[SourceVersionDate "2016.08.29"]
[SourceQuality "1"]

1. e4 c5 2. Nf3 d6 3. d4 cxd4 4. Nxd4 Nf6 5. Nc3 a6 6. h3 b5 7. Nd5 Nxe4 8. Qf3 Nc5 9. b4 Na4 10. Bxb5+ axb5 11. Nxb5 Na6 12. Nf6+ gxf6 13. Qxa8 Bg7 14. Rb1 0-0 15. 0-0 Qb6 16. Qd5 Be6 17. Qd3 Rc8 18. Qg3 Kh8 19. Na3 Nc3 20. Qe3 Qxe3 21. Bxe3 Nxb1 22. Rxb1 Bxa2 23. Rb2 Bd5 24. b5 f5 25. Rb1 Nc5 26. c4 Be4 27. Re1 Ra8 28. Bxc5 dxc5 29. f3 Bd4+ 30. Kh1 Rxa3 31. fxe4 fxe4 32. Rxe4 e5 33. Re1 Rb3 34. Rf1 Kg7 35. h4 Rb4 36. Rc1 f5 0-1

[Event "CRO-chT (Women) 24th"]
[Site "Bol"]
[Date "2015.10.03"]
[Round "1.14"]
[White "Hlavac, Iva"]
[Black "Turk, Vesna"]
[Result "1-0"]
[WhiteElo "1886"]
[BlackElo "1728"]
[PlyCount "99"]
[EventDate "2015.10.03"]
[EventType "team-tourn"]
[EventRounds "9"]
[EventCountry "CRO"]
[SourceTitle "CBM 168 Extra"]
[Source "ChessBase"]
[SourceDate "2015.10.29"]
[SourceVersion "1"]
[SourceVersionDate "2015.10.29"]
[SourceQuality "1"]
[WhiteTeam "Djakovo Dama (W)"]
[BlackTeam "Sisak (W)"]
[WhiteTeamCountry "CRO"]
[BlackTeamCountry "CRO"]

1. e4 d5 2. exd5 Qxd5 3. Nc3 Qd6 4. d4 Nf6 5. h3 Bf5 6. Nf3 c6 7. Bd3 Bg6 8. 0-0 e6 9. Re1 Be7 10. Ne2 Bh5 11. Bf4 Qd8 12. c3 Bxf3 13. gxf3 g5 14. Be5 Bd6 15. Ng3 h6 16. Bc4 Bxe5 17. dxe5 Nd5 18. Ne4 Qe7 19. Nd6+ Kf8 20. Qb3 b6 21. Rad1 Nd7 22. Bxd5 cxd5 23. Qb4 h5 24. Rd4 Nc5 25. Qb5 Qd7 26. Qxd7 Nxd7 27. h4 gxh4 28. Rf4 Rh7 29. Rxh4 Ke7 30. f4 f6 31. Nb5 fxe5 32. fxe5 a6 33. Nd4 Rc8 34. Re3 Rg8+ 35. Kf1 Rg4 36. Rxg4 hxg4 37. Kg2 Rh5 38. Nc6+ Ke8 39. b4 a5 40. a4 axb4 41. cxb4 Rf5 42. Kg3 Kf7 43. a5 bxa5 44. bxa5 Nc5 45. Nd4 Ne4+ 46. Rxe4 dxe4 47. Nxf5 exf5 48. a6 Ke6 49. a7 Kd5 50. a8Q+ 1-0

[Event "CRO-chT (Women)"]
[Site "Bol"]
[Date "2014.10.07"]
[Round "4.1"]
[White "Hlavac, Iva"]
[Black "Vujnovic, Patricija"]
[Result "0-1"]
[WhiteElo "1898"]
[BlackElo "2042"]
[PlyCount "108"]
[EventDate "2014.10.04"]
[EventType "team-tourn"]
[EventRounds "7"]
[EventCountry "CRO"]
[SourceTitle "CBM 162 Extra"]
[Source "ChessBase"]
[SourceDate "2014.10.17"]
[SourceVersion "1"]
[SourceVersionDate "2014.10.17"]
[SourceQuality "1"]
[WhiteTeam "Djakovo (W)"]
[BlackTeam "Rijeka Liburnija (W)"]
[WhiteTeamCountry "CRO"]
[BlackTeamCountry "CRO"]

1. e4 d5 2. exd5 Nf6 3. d4 Nxd5 4. c4 Nf6 5. Nc3 g6 6. Nf3 Bg7 7. Be2 0-0 8. 0-0 Nbd7 9. Be3 c6 10. Qd2 Re8 11. h3 Qa5 12. Rfd1 e5 13. d5 cxd5 14. cxd5 a6 15. a3 Qd8 16. d6 e4 17. Nh2 b5 18. a4 b4 19. Nd5 Nxd5 20. Qxd5 Rb8 21. Bc4 Ne5 22. Qxe4 Bf5 23. Qf4 Nxc4 24. Qxc4 Bxb2 25. d7 Rxe3 26. fxe3 Bxa1 27. Rxa1 Qxd7 28. Nf3 b3 29. e4 Be6 30. Qc3 Rc8 31. Qb4 a5 32. Qb6 Qc6 33. Qxc6 Rxc6 34. Rb1 Rc4 35. Ng5 Rb4 36. Nxe6 fxe6 37. e5 Kf7 38. Kf2 Ke7 39. Ke3 Kd7 40. Kd3 Kc6 41. Kc3 Kc5 42. Rxb3 Rxb3+ 43. Kxb3 Kd4 44. g3 g5 45. Kc2 Kxe5 46. Kd3 Kd5 47. h4 g4 48. Ke3 e5 49. Kd3 e4+ 50. Ke3 Ke5 51. Kf2 Kd4 52. Ke2 Kc4 53. Ke3 Kb4 54. Kxe4 Kxa4 0-1

[Event "Valpovo op (Women)"]
[Site "Valpovo"]
[Date "2013.12.08"]
[Round "6"]
[White "Saric, Zrinka"]
[Black "Hlavac, Iva"]
[Result "1/2-1/2"]
[WhiteElo "2072"]
[BlackElo "1923"]
[PlyCount "120"]
[EventDate "2013.12.06"]
[EventType "swiss"]
[EventRounds "7"]
[EventCountry "CRO"]
[SourceTitle "CBM 157 Extra"]
[Source "ChessBase"]
[SourceDate "2013.12.19"]
[SourceVersion "1"]
[SourceVersionDate "2013.12.19"]
[SourceQuality "1"]

1. e4 e5 2. Nf3 Nc6 3. Bb5 a6 4. Ba4 Nf6 5. d3 b5 6. Bb3 Be7 7. 0-0 d6 8. c3 0-0 9. Re1 Na5 10. Bc2 c5 11. Nbd2 Nd7 12. Nf1 Nb6 13. Ng3 Nc6 14. d4 cxd4 15. cxd4 Bg4 16. Nf5 Qc7 17. Be3 Nc4 18. d5 Nb4 19. Nxe7+ Qxe7 20. Bb1 a5 21. a3 Na6 22. b3 Nxe3 23. Rxe3 Nc5 24. h3 Bh5 25. g4 Bg6 26. Qf1 b4 27. a4 Qf6 28. Qg2 Qe7 29. Nd2 Rac8 30. Bd3 Rc7 31. Bb5 f6 32. Qf1 Rfc8 33. Qe2 Be8 34. Bc4 Bd7 35. Kh2 g5 36. Rf3 Qg7 37. Re3 h6 38. Nf1 Nxa4 39. Ba6 Nc3 40. Qd3 Ra8 41. Ree1 Rc5 42. Nd2 Bc8 43. Bxc8 Raxc8 44. Nc4 a4 45. Nxd6 Ra8 46. bxa4 Rxa4 47. Rxa4 Nxa4 48. Qb3 Qd7 49. Qxb4 Rc2 50. Kg2 Qa7 51. Rf1 Nb2 52. Qb5 Qc7 53. Qe8+ Kh7 54. Nf5 Nd3 55. Qe7+ Qxe7 56. Nxe7 Nf4+ 57. Kh2 Rc3 58. Rd1 Rxh3+ 59. Kg1 Ne2+ 60. Kg2 Nf4+ 1/2-1/2

[Event "Osijek Baranja CupT 6th"]
[Site "Osijek"]
[Date "2013.03.09"]
[Round "3.3"]
[White "Hlavac, Iva"]
[Black "Fures, Ivica"]
[Result "0-1"]
[WhiteElo "1931"]
[BlackElo "1911"]
[PlyCount "136"]
[EventDate "2013.03.08"]
[EventType "team-tourn"]
[EventRounds "5"]
[EventCountry "CRO"]
[SourceTitle "EXT 2014"]
[Source "ChessBase"]
[SourceDate "2013.11.20"]
[SourceVersion "1"]
[SourceVersionDate "2013.11.20"]
[SourceQuality "1"]

1. e4 d6 2. d4 Nf6 3. Nc3 Nbd7 4. Bd3 e5 5. Nf3 Be7 6. h3 c6 7. Be3 Qc7 8. Qd2 b5 9. d5 a6 10. dxc6 Qxc6 11. a3 Bb7 12. Nh4 Nc5 13. f3 Nxd3+ 14. Qxd3 Nxe4 15. Nxe4 Bxh4+ 16. Ke2 Be7 17. c3 0-0 18. Rad1 Rad8 19. h4 a5 20. Ng5 Qc4 21. Qxc4 bxc4 22. Bb6 Ra8 23. Kf2 h6 24. Ne4 Bxe4 25. fxe4 Ra6 26. Be3 f5 27. exf5 Rxf5+ 28. Ke2 Kf7 29. g4 Rf6 30. g5 hxg5 31. Bxg5 Rg6 32. Rdf1+ Ke6 33. Bxe7 Kxe7 34. Rf2 Rb6 35. Ke3 d5 36. Rh3 Rg4 37. Rd2 Re4+ 38. Kf3 Rf6+ 39. Kg2 Ke6 40. Rg3 g6 41. Kh3 d4 42. cxd4 exd4 43. Rg5 d3 44. Rc5 Rf5 45. Rc6+ Kf7 46. Rc7+ Kg8 47. Rc6 Kg7 48. Rg2 Rf3+ 49. Kh2 Rxh4+ 50. Kg1 Rf6 51. Rc7+ Kh6 52. Rc8 Rd4 53. Rh2+ Kg5 54. Rc5+ Kg4 55. Rg2+ Kf4 56. Rf2+ Ke4 57. Rxf6 d2 58. Rf1 d1Q 59. Rxd1 Rxd1+ 60. Kf2 Kd4 61. Rxa5 Rd2+ 62. Kf3 Rxb2 63. Ra6 Kd3 64. Rxg6 c3 65. Rd6+ Kc2 66. Ke3 Kc1 67. Rf6 Rb3 68. Rf1+ Kb2 0-1

[Event "CRO-chT (Women) 21st"]
[Site "Sibenik"]
[Date "2012.09.28"]
[Round "7.1"]
[White "Hlavac, Iva"]
[Black "Movsesian, Julia"]
[Result "0-1"]
[WhiteElo "1931"]
[BlackElo "2305"]
[PlyCount "82"]
[EventDate "2012.09.23"]
[EventType "team-tourn"]
[EventRounds "9"]
[EventCountry "CRO"]
[SourceTitle "CBM 150 Extra"]
[Source "ChessBase"]
[SourceDate "2012.10.19"]
[SourceVersion "1"]
[SourceVersionDate "2012.10.19"]
[SourceQuality "1"]
[WhiteTeam "Djakovo Dama (W)"]
[BlackTeam "Zagreb Mladost (W)"]
[WhiteTeamCountry "CRO"]
[BlackTeamCountry "CRO"]

1. e4 d6 2. d4 Nf6 3. Nc3 Nbd7 4. Bd3 e5 5. Nf3 Be7 6. 0-0 0-0 7. h3 c6 8. a4 b6 9. Be3 a6 10. Qd2 Qc7 11. Ne2 Bb7 12. Ng3 Rfe8 13. c3 Bf8 14. Qc2 b5 15. b4 Rac8 16. dxe5 dxe5 17. Rac1 Nb6 18. a5 Nbd7 19. Qa2 h6 20. c4 Bxb4 21. cxb5 axb5 22. Bxb5 Qxa5 23. Qxa5 Bxa5 24. Bc4 Bc7 25. Rb1 Ba8 26. Ra1 Nb6 27. Bb3 c5 28. Bxc5 Nxe4 29. Nxe4 Bxe4 30. Ra7 Nd5 31. Nd2 Nf6 32. Bxf7+ Kxf7 33. Bd6 Bd3 34. Re1 Nd5 35. Rxe5 Rxe5 36. Bxe5 Kg8 37. Bd4 Nf6 38. Nb3 Bb8 39. Rb7 Be4 40. Rb6 Nd7 41. Re6 Bd5 0-1

[Event "CRO-chT (Women) 21st"]
[Site "Sibenik"]
[Date "2012.09.25"]
[Round "3.4"]
[White "Franciskovic, Borka"]
[Black "Hlavac, Iva"]
[Result "1-0"]
[WhiteElo "2248"]
[BlackElo "1931"]
[PlyCount "81"]
[EventDate "2012.09.23"]
[EventType "team-tourn"]
[EventRounds "9"]
[EventCountry "CRO"]
[SourceTitle "CBM 150 Extra"]
[Source "ChessBase"]
[SourceDate "2012.10.19"]
[SourceVersion "1"]
[SourceVersionDate "2012.10.19"]
[SourceQuality "1"]
[WhiteTeam "Rijeka Liburnija (W)"]
[BlackTeam "Djakovo Dama (W)"]
[WhiteTeamCountry "CRO"]
[BlackTeamCountry "CRO"]

1. Nf3 Nf6 2. c4 Nc6 3. d4 e6 4. a3 d5 5. cxd5 exd5 6. Nc3 Be7 7. Bf4 a6 8. e3 Bf5 9. Bd3 Be4 10. 0-0 0-0 11. Bxe4 dxe4 12. Nd2 Nd5 13. Nxd5 Qxd5 14. Bxc7 Rac8 15. Bg3 Na5 16. Rc1 f5 17. Qa4 Nc6 18. Qb3 Qxb3 19. Nxb3 Rfd8 20. Rc2 Rd5 21. Rfc1 Rcd8 22. Nc5 Bxc5 23. Rxc5 g5 24. Bc7 R8d7 25. Bb6 f4 26. b4 g4 27. exf4 Nxd4 28. Rxd5 Rxd5 29. Bxd4 Rxd4 30. g3 Rd7 31. Kf1 Kf7 32. Ke2 Kf6 33. Rc3 Kf5 34. Rc5+ Kf6 35. Rh5 Rc7 36. Ke3 Rc3+ 37. Kxe4 Rxa3 38. Rh6+ Kg7 39. Rb6 Ra1 40. Rxb7+ Kf6 41. Rb6+ 1-0

[Event "Valpovo op (Women)"]
[Site "Valpovo"]
[Date "2008.12.06"]
[Round "3"]
[White "Hlavac, Iva"]
[Black "Horvat, Mia"]
[Result "1-0"]
[WhiteElo "1931"]
[BlackElo "1703"]
[PlyCount "45"]
[EventDate "2008.12.05"]
[EventType "swiss (rapid)"]
[EventRounds "7"]
[EventCountry "CRO"]
[SourceTitle "EXT 2010"]
[Source "ChessBase"]
[SourceDate "2010.11.25"]
[SourceVersion "1"]
[SourceVersionDate "2010.11.25"]
[SourceQuality "1"]

1. e4 e5 2. Nf3 Nc6 3. Bb5 d6 4. 0-0 Bd7 5. c3 Nf6 6. Re1 Be7 7. d4 d5 8. exd5 Nxd5 9. dxe5 Be6 10. Nd4 Bd7 11. e6 Bc8 12. Nxc6 bxc6 13. Bxc6+ Kf8 14. Bxa8 Bxe6 15. Bxd5 Bxd5 16. Bf4 c6 17. c4 Bxc4 18. Qxd8+ Bxd8 19. Bd6+ Be7 20. Rxe7 g6 21. Re4+ Kg7 22. Rxc4 Rd8 23. Rxc6 1-0

[Event "Valpovo op (Women)"]
[Site "Valpovo"]
[Date "2008.12.05"]
[Round "1"]
[White "Hlavac, Iva"]
[Black "Dumancic, Nelica"]
[Result "1-0"]
[WhiteElo "1931"]
[BlackElo "1782"]
[PlyCount "141"]
[EventDate "2008.12.05"]
[EventType "swiss (rapid)"]
[EventRounds "7"]
[EventCountry "CRO"]
[SourceTitle "EXT 2010"]
[Source "ChessBase"]
[SourceDate "2010.11.25"]
[SourceVersion "1"]
[SourceVersionDate "2010.11.25"]
[SourceQuality "1"]

1. e4 Nc6 2. Nc3 e6 3. d4 d5 4. e5 Nge7 5. Nf3 h6 6. Bd3 a6 7. a3 Bd7 8. 0-0 Nf5 9. Bxf5 exf5 10. Nxd5 Be6 11. Nf4 Ne7 12. Nxe6 fxe6 13. c4 c6 14. Bd2 Qd7 15. Bb4 g5 16. Bd6 Nc8 17. c5 Be7 18. Nd2 h5 19. Nc4 g4 20. Bxe7 Nxe7 21. Nd6+ Kf8 22. Qd2 Nd5 23. Qg5 Rh7 24. b4 h4 25. f3 gxf3 26. Rxf3 Qg7 27. Qxg7+ Rxg7 28. h3 Kg8 29. Nc4 Kh7 30. Ne3 Rag8 31. Ra2 Nc3 32. Rc2 Ne4 33. Rf4 Rg3 34. Rxh4+ Kg7 35. Nf1 Rxa3 36. Rf4 Kf7 37. Rh4 Kg6 38. Rf4 Kh5 39. Nd2 Ng3 40. Rf3 Ra1+ 41. Kf2 Nh1+ 42. Ke3 Rxg2 43. Kf4 Ra4 44. Rb2 a5 45. Rf1 Ng3 46. Kf3 Rh2 47. Kxg3 Re2 48. Rfb1 Ra3+ 49. Nf3 Ree3 50. Rf2 a4 51. Rbb2 Rad3 52. Rbe2 a3 53. Rxe3 Rxe3 54. Ra2 Rb3 55. Kf4 Rxb4 56. Rxa3 Kg6 57. Ra2 Kh5 58. Rd2 b6 59. Ng5 bxc5 60. Nxe6 cxd4 61. Rxd4 Rb3 62. Ng5 Rb5 63. e6 Kg6 64. h4 c5 65. Rd7 Rb8 66. Rc7 Rb4+ 67. Ke5 Rxh4 68. Nf3 Re4+ 69. Kd6 Kh5 70. e7 Kg6 71. Rc8 1-0

[Event "Bizovac Metalis op 15th"]
[Site "Bizovac"]
[Date "2008.02.22"]
[Round "3"]
[White "Hlavac, Iva"]
[Black "Kalajzic, Ivan"]
[Result "1/2-1/2"]
[WhiteElo "1961"]
[BlackElo "2214"]
[PlyCount "114"]
[EventDate "2008.02.21"]
[EventType "swiss"]
[EventRounds "7"]
[EventCountry "CRO"]
[SourceTitle "CBM 122 Extra"]
[Source "ChessBase"]
[SourceDate "2008.03.04"]
[SourceVersion "1"]
[SourceVersionDate "2008.03.04"]
[SourceQuality "1"]

1. e4 c6 2. d4 d5 3. e5 c5 4. c3 Nc6 5. Bb5 Qb6 6. Bxc6+ bxc6 7. dxc5 Qxc5 8. Be3 Qa5 9. b4 Qc7 10. Bd4 a5 11. Ne2 e6 12. a3 Ne7 13. 0-0 Nf5 14. Nd2 Be7 15. Re1 0-0 16. Nb3 Nxd4 17. Qxd4 f6 18. f4 fxe5 19. fxe5 a4 20. Nc5 Rf5 21. Ng3 Bxc5 22. Qxc5 Rf7 23. Rf1 Rxf1+ 24. Rxf1 Ba6 25. Rf2 Bb5 26. Qe3 Qe7 27. Nh5 c5 28. Rf3 cxb4 29. cxb4 Qa7 30. Qxa7 Rxa7 31. Nf4 Ra6 32. Rc3 Bc4 33. Kf2 Kf7 34. Ke3 Ra8 35. Nd3 Ke7 36. Nb2 Rd8 37. Kd4 Bb5 38. Rc5 Bd7 39. Nd3 Rf8 40. Rc7 Kd8 41. Rb7 Rf1 42. Nc5 Rd1+ 43. Kc3 Bc8 44. Rxg7 Re1 45. Rxh7 Rxe5 46. Kd2 Rf5 47. Rh6 Ke7 48. Rh8 Rf2+ 49. Ke3 Rxg2 50. Rxc8 Rxh2 51. Rc7+ Kf6 52. Rc6 Ra2 53. Rxe6+ Kf5 54. Kd4 Rd2+ 55. Kc3 Ra2 56. Kd4 Rd2+ 57. Kc3 Ra2 1/2-1/2

[Event "Bosnjaci op (Women)"]
[Site "Bosnjaci"]
[Date "2006.01.07"]
[Round "8"]
[White "Hlavac, Iva"]
[Black "Sargac, Rajna"]
[Result "1-0"]
[WhiteElo "1914"]
[BlackElo "2233"]
[PlyCount "101"]
[EventDate "2006.01.03"]
[EventType "swiss"]
[EventRounds "9"]
[EventCountry "CRO"]
[SourceTitle "CBM 110 Extra"]
[Source "ChessBase"]
[SourceDate "2006.03.10"]
[SourceVersion "2"]
[SourceVersionDate "2006.03.10"]
[SourceQuality "1"]

1. e4 b6 2. d4 e6 3. Be3 Bb7 4. Nd2 d5 5. e5 c5 6. Bb5+ Nc6 7. Bxc6+ Bxc6 8. c3 Qd7 9. Ne2 Ne7 10. dxc5 Nf5 11. cxb6 Nxe3 12. fxe3 axb6 13. 0-0 Be7 14. Nd4 Bb5 15. Rf2 Bd3 16. N2f3 Bg6 17. Qe2 0-0 18. Qb5 Qb7 19. Qc6 Qa7 20. Qb5 Bd8 21. Qb4 Rc8 22. Nb5 Qd7 23. Nbd4 Rc5 24. a4 Bc7 25. Nb5 Rc4 26. Qb3 Ra8 27. Nxc7 Qxc7 28. Ra3 Rb8 29. Qb5 Rc5 30. Qe2 h6 31. Qd2 Be4 32. Qe2 Ra8 33. Qd2 Ra7 34. Rf1 Rc4 35. Rfa1 Bxf3 36. gxf3 Qxe5 37. Qe2 Rc5 38. Qd2 Qg5+ 39. Kh1 Qh5 40. Qg2 Qh4 41. Rg1 g6 42. Qd2 Qf6 43. Qe2 e5 44. Rd1 Qc6 45. Qd3 Rxa4 46. Rxa4 Qxa4 47. e4 dxe4 48. fxe4 Kg7 49. Rf1 Qc6 50. Qf3 Rc4 51. Qxf7+ 1-0

[Event "Bosnjaci op (Women)"]
[Site "Bosnjaci"]
[Date "2006.01.04"]
[Round "3"]
[White "Hlavac, Iva"]
[Black "Saric, Kristina"]
[Result "1/2-1/2"]
[WhiteElo "1914"]
[BlackElo "2147"]
[PlyCount "83"]
[EventDate "2006.01.03"]
[EventType "swiss"]
[EventRounds "9"]
[EventCountry "CRO"]
[SourceTitle "CBM 110 Extra"]
[Source "ChessBase"]
[SourceDate "2006.03.10"]
[SourceVersion "2"]
[SourceVersionDate "2006.03.10"]
[SourceQuality "1"]

1. e4 d5 2. exd5 Qxd5 3. Nc3 Qd8 4. g3 Nf6 5. Bg2 g6 6. d4 Bg7 7. Nge2 0-0 8. 0-0 c6 9. d5 cxd5 10. Nxd5 Nxd5 11. Qxd5 Nc6 12. c3 Bg4 13. Qe4 Bf5 14. Qa4 Qc7 15. Be3 a6 16. Nf4 e6 17. Rad1 Rfd8 18. h3 h5 19. Qb3 b5 20. a4 Na5 21. Qa2 Rab8 22. axb5 axb5 23. Ra1 Nc4 24. Ba7 Rbc8 25. Qa6 Qd7 26. Rfd1 Qe8 27. Rxd8 Qxd8 28. Qxb5 Qd2 29. Bb7 Nd6 30. Qa6 Nxb7 31. Qxb7 Rd8 32. Be3 Qd6 33. Ra7 Qf8 34. Kh2 Rb8 35. Qc7 Rxb2 36. Bc5 Qe8 37. Be3 Rb8 38. g4 Rc8 39. Qb7 Rb8 40. Qc7 Rc8 41. Qb7 Rb8 42. Qc7 1/2-1/2

[Event "Bar Sozina op"]
[Site "Bar"]
[Date "2005.03.07"]
[Round "4"]
[White "Hlavac, Iva"]
[Black "Perosevic, Aleksandar"]
[Result "0-1"]
[WhiteElo "1877"]
[BlackElo "2186"]
[PlyCount "54"]
[EventDate "2005.03.04"]
[EventType "swiss"]
[EventRounds "9"]
[EventCountry "YUG"]
[SourceTitle "CBM 105 Extra"]
[Source "ChessBase"]
[SourceDate "2005.05.01"]
[SourceVersion "1"]
[SourceVersionDate "2005.05.01"]
[SourceQuality "1"]

1. e4 e5 2. Nf3 Nc6 3. Bb5 a6 4. Ba4 Nf6 5. 0-0 Be7 6. c3 b5 7. Bb3 0-0 8. Qe2 d5 9. exd5 Nxd5 10. Nxe5 Nxe5 11. Qxe5 c6 12. d4 Bd6 13. Qg5 Qc7 14. h3 h6 15. Qh5 Bd7 16. Bxd5 cxd5 17. Qxd5 Bc6 18. Qf5 Qb7 19. f3 Rae8 20. Qg4 Re6 21. Nd2 Rg6 22. Qf5 Re8 23. Nb3 Re2 24. Rf2 Re1+ 25. Rf1 Qe7 26. Bf4 Qe2 27. Qxg6 Qxf1+ 0-1